MDQL
is popping MORE tags! Check the
thread
!
Quizzes
Events
Quiz Creation
Community
Videos
Private Events
Remove Ads
Sign In
Join for FREE
Feedback
Dark Mode
Quiz Categories
Sports
Geography
Music
Movies
Television
Just For Fun
Miscellaneous
History
Literature
Language
Science
Gaming
Entertainment
Religion
Holiday
For Kids
Quiz Lab
Recent
Popular Today
Quiz Kudos Today
Editor Picks
Curator Picks
Quizzes by...
Day
Popularity
Type
Ratings
Length
Year
Community
Subscriptions
Recent Discussions
Orange Saloon
Badges
Playlists
Quests
Create
Leaderboards
Showdown
Live 5
Trivia Bingo
Activity
Puzzle Library
Sporcle Events
Private Events
Virtual Trivia
Globe League
Become a Host
Pub Owners
SporcleCon
Opinionation
Our Games
Videos
Blog
Mobile Apps
Partnerships
Remove Ads and Go Orange
Feedback
Movies
Disney
Marvel Cinematic Universe
Movie Resume
Movie Titles
Oscar
Actor
Actress
Director
Pixar
Role
Movie Quotes
Movie Characters
Box Office
Nominee
Best Picture
Star Wars
James Bond
Horror Movies
Movies
Disney
Marvel Cinematic Universe
Movie Resume
Movie Titles
Oscar
Actor
Actress
Director
Pixar
Role
Movie Quotes
Movie Characters
Box Office
Nominee
Best Picture
Star Wars
James Bond
Horror Movies
Random Quiz
Search Sporcle
×
Quiz Lab
Quiz Lab
Movies
Oscar
Select answers by clicking on text or image buttons
Select answers by clicking on text or image buttons
Clickable
Best Score? Go Orange.
Best Actor Movie Match Stats
Can you match the Actor to the movie he won an Oscar for?
By
stuart4690
15m
88 Questions
166 Plays
166 Plays
166 Plays
Comments
Comments
Give Quiz Kudos
Give Quiz Kudos
-
- Ratings
hide this ad
Forced Order
Answers have to be entered in order
Answers have to be entered in order
Replay
Link that replays current quiz
Next Quiz
Link to next quiz in quiz playlist
You Got
0%
They Got
Avg Score
65%
Avg Friend Score
Upgrade to see
Score Distribution
Jump to the score distribution portion of the page
Score
0/88
Timer
15:00
0
Plays Today
% Correct
Kevin Spacey
93.4%
Matthew McConaughey
92.8%
Anthony Hopkins
92.8%
Jamie Foxx
91.6%
Philip Seymour Hoffman
91.6%
Sean Penn
91.6%
Dustin Hoffman
91.6%
Michael Douglas
91.6%
Tom Hanks
91%
Daniel Day-Lewis
91%
Robert De Niro
90.4%
Tom Hanks
90.4%
Dustin Hoffman
90.4%
Russell Crowe
90.4%
Al Pacino
90.4%
Sean Penn
90.4%
Denzel Washington
89.8%
Jack Nicholson
89.8%
Marlon Brando
89.2%
Marlon Brando
89.2%
Ben Kingsley
89.2%
Daniel Day-Lewis
89.2%
John Wayne
88.6%
Jack Nicholson
88.6%
Nicolas Cage
88.6%
Forest Whitaker
88.6%
Daniel Day-Lewis
87.3%
Colin Firth
87.3%
Charlton Heston
86.1%
Adrien Brody
86.1%
% Correct
Gregory Peck
85.5%
Eddie Redmayne
85.5%
George C. Scott
84.9%
F. Murray Abraham
84.9%
Jeff Bridges
84.9%
Gene Hackman
84.3%
Yul Brynner
82.5%
Paul Newman
81.9%
Roberto Benigni
81.3%
Jean Dujardin
78.3%
Henry Fonda
77.7%
Humphrey Bogart
75.3%
Alec Guinness
74.7%
Geoffrey Rush
73.5%
Laurence Olivier
73.5%
Rex Harrison
66.3%
Jon Voight
65.1%
Clark Gable
64.5%
William Hurt
64.5%
Peter Finch
62.7%
Gary Cooper
62%
Ernest Borgnine
60.8%
Jeremy Irons
60.2%
James Stewart
59.6%
Richard Dreyfuss
59.6%
James Cagney
59%
Robert Duvall
59%
Gary Cooper
57.2%
Sidney Poitier
56.6%
Rod Steiger
53%
% Correct
Jack Lemmon
52.4%
Spencer Tracy
51.8%
Bing Crosby
49.4%
Lee Marvin
47%
Art Carney
44%
William Holden
42.2%
Burt Lancaster
40.4%
Maximilian Schell
40.4%
Paul Scofield
40.4%
Spencer Tracy
39.2%
Fredric March
39.2%
Cliff Robertson
38%
José Ferrer
38%
David Niven
35.5%
Ray Milland
35.5%
Fredric March
34.9%
Charles Laughton
33.1%
Broderick Crawford
31.9%
Robert Donat
30.7%
Wallace Beery
28.3%
Paul Muni
25.3%
Emil Jannings
24.7%
Warner Baxter
24.7%
George Arliss
24.7%
Ronald Colman
22.3%
Lionel Barrymore
22.3%
Victor McLaglen
21.1%
Paul Lukas
19.3%
Quiz Playlist
Details
Report
Send in Message
Add To Playlist
Clickable:
Select answers by clicking on text or image buttons
Forced Order:
Answers have to be entered in order
Last Updated: Feb 16, 2017
Quiz Scoreboard
CHALLENGE
Sign Up to Join the Scoreboard
Show All
Scores
Hide
Comments
May contain spoilers
Recently Published
Two Season TV Shows II
by 123Four
Television
10m
Image Sorting: Flags VI
by Barbecue
Geography
2m
Find the 'City' Movie
by crazypaving
Movies
60s
More to Explore
Quiz From the Vault
Featured Blog Post
14 Easter Pick-up Lines to Find Eggs With
hide this ad
You Might Also Like...
Tags
Oscar Quiz
Lead Actor
Today's Top Quizzes in Movies
Browse Movies
hide this ad
Today's Top Quizzes in Oscar
Browse Oscar
Top Contributed Quizzes in Movies
1
The ultimate James Bond movie quiz
2
Find The 'Big' Movie
3
Find The 'Wild' Movie
4
Find The 'Blue' Movie
5
Movies By Plot
6
Hidden Star Wars Character II
7
Pick 5 Posters: Directed by Spielberg
8
Hidden Star Wars Character III
9
Hidden Star Wars Character IV
10
25 Best Actor Nominees (1990s)
Explore More
Trending Topics
Anime
Harry Potter
Disney
Crossword
NBA
Kpop
Marvel
Puzzle
The Office
WWE
Soccer
NFL
Song
Pokémon
Country
hide this ad
More By:
stuart4690
Quiz
Plays
Rating
Category
Featured
Created
Best Actor Movie Match
166
4.63
Movies
Sep 2, 2015
Best Actress Movie Match
114
4.71
Movies
Sep 2, 2015
Clickable French Body Parts
89
Language
Jul 27, 2015
Best Supporting Actress Movie Match
86
4.67
Movies
Sep 2, 2015
Best Supporting Actor Movie Match
74
4.20
Movies
Sep 2, 2015
Go to Creator's Profile
Score Distribution
Quiz Creator Spotlight
stuart4690
Follow
Send a Message
Quizzes Created
-
Created Quiz Play Count
-
More By This Creator
Popular Quizzes Today
1
Find the US States - No Outlines Minefield
2
Colored Red Africa Blitz
3
Find the 'City' Movie
4
5x2 Blitz: Bands
5
The Countries of the World
6
Find the Countries of Europe - No Outlines Minefield
7
Find the US States
8
US States
More Movies Quizzes
Huge One Word 'P' Movies List
Quiz Lab
Trending Quizzes
Colored Red Europe Blitz I
Colored Red Africa Blitz II
Colored Red Europe Blitz II
Colored Red Europe Blitz III
Colored Red Africa Blitz III
Recently Updated
How Do You Spell That?
pecheneg
Godzilla Movies
pecheneg
Grab Bag: 4-10 Letters
pecheneg
2024 March Madness Bracket
pecheneg
Famous TV Couples
Peacemaker
Champions League XIs: Real Madrid
pecheneg
Largest US Cities 1790-2010
pecheneg
Rides in Walt Disney World
pecheneg
Most Oscar Losses (Acting)
pecheneg
Beyoncé Albums
pecheneg
Trending Topics
Disney
Harry Potter
Crossword
Kpop
Marvel
NBA
Anime
The Office
Country
Song
NFL
Puzzle
Pokémon
Soccer
WWE
Your Account Isn't Verified!
In order to create a playlist on Sporcle, you need to verify the email address you used during registration. Go to your
Sporcle Settings
to finish the process.
Report this User
Report this user for behavior that violates our
Community Guidelines
.
Details:
Send Report
Go to the Sporcle.com Mobile Site →
Comments